MDQL
is popping MORE tags! Check the
thread
!
Quizzes
Events
Quiz Creation
Community
Videos
Private Events
Remove Ads
Sign In
Join for FREE
Feedback
Dark Mode
Quiz Categories
Sports
Geography
Music
Movies
Television
Just For Fun
Miscellaneous
History
Literature
Language
Science
Gaming
Entertainment
Religion
Holiday
For Kids
Quiz Lab
Recent
Popular Today
Quiz Kudos Today
Editor Picks
Curator Picks
Quizzes by...
Day
Popularity
Type
Ratings
Length
Year
Community
Subscriptions
Recent Discussions
Orange Saloon
Badges
Playlists
Quests
Create
Leaderboards
Showdown
Live 5
Trivia Bingo
Activity
Puzzle Library
Sporcle Events
Private Events
Virtual Trivia
Globe League
Become a Host
Pub Owners
SporcleCon
Opinionation
Our Games
Videos
Blog
Mobile Apps
Partnerships
Remove Ads and Go Orange
Feedback
Literature
Harry Potter
A Song of Ice and Fire
The Hunger Games
Literary Character
Shakespeare
Book
Author
Novel
Poem
Young Adult
Children's Books
Play
Lord of the Rings
Literature
Harry Potter
A Song of Ice and Fire
The Hunger Games
Literary Character
Shakespeare
Book
Author
Novel
Poem
Young Adult
Children's Books
Play
Lord of the Rings
Random Quiz
Search Sporcle
×
Curator Pick
Curator Pick
Literature
Harry Potter
Type in answers that appear in a list
Type in answers that appear in a list
Classic
Best Score? Go Orange.
Harry Potter: Which Witch is Which Stats
Can you name the witches from Harry Potter by the clues given?
By
TerraTheTerror
5m
30 Questions
10.3K Plays
10,346 Plays
10,346 Plays
Comments
Comments
Give Quiz Kudos
Give Quiz Kudos
-
- Ratings
hide this ad
More Info
Forced Order
Answers have to be entered in order
Answers have to be entered in order
Random Order
Randomize order of answers
Randomize order of answers
Replay
Link that replays current quiz
Next Quiz
Link to next quiz in quiz playlist
You Got
0%
They Got
Avg Score
68%
Avg Friend Score
Upgrade to see
Score Distribution
Jump to the score distribution portion of the page
Score
0/30
Timer
05:00
0
Plays Today
Clue
Witch
% Correct
She gave Harry his first kiss.
Cho Chang
90.1%
She was the Herbology professor at Hogwarts until Neville Longbottom replaced her.
Pomona Sprout
88.5%
She was a Defence Against the Dark Arts professor at Hogwarts, but a herd of centaurs put an end to her teaching career.
Dolores Umbridge
88.4%
She helped found Hogwarts and was the most brilliant witch of her time.
Rowena Ravenclaw
88.1%
She called Ron 'Won-
Won,' much to his displeasure.
Lavender Brown
87.9%
She helped found Hogwarts and provided better care for house elves.
Helga Hufflepuff
86.6%
She is the Flying instructor and Quidditch referee at Hogwarts.
Madam Hooch
86.6%
She is the nurse at Hogwarts; possibly the only person who is fond of Harry but wants to see him less often.
Poppy Pomfrey
86.4%
She made the prophecy about Lord Voldemort's downfall.
Sibyll Trelawney
86.1%
She was a (anti-
)Muggle Studies teacher at Hogwarts who enjoyed torturing students.
Alecto Carrow
78.9%
She was Voldemort's last victim during the the First Wizarding War.
Lily Potter
76.3%
She is the owner of the Three Broomsticks.
Madam Rosmerta
73.9%
She is the librarian at Hogwarts; rumours say that she is having a love affair with Filch. Ew.
Irma Pince
73.3%
She was a substitute teacher for Care of Magical Creatures at Hogwarts.
Wilhelmina Grubbly-Plank
73.1%
She is known for her clothing store in Diagon Alley.
Madam Malkin
71.8%
Clue
Witch
% Correct
She was the Muggle Studies professor at Hogwarts before she was kidnapped, tortured, and killed.
Charity Burbage
69.5%
She cries a lot less than most witches according to Harry.
Ginny Weasley
68.4%
She is the niece of a judge.
Susan Bones
66.9%
She is able to recognise Harry while he looks like someone else just by looking at his expression.
Luna Lovegood
66.1%
She loved the one person who could not love her back, for he was incapable of loving.
Bellatrix Lestrange
64%
She would visit the Potters and have lunch with them while Harry was still a baby.
Bathilda Bagshot
63.9%
She is the Astronomy professor at Hogwarts.
Aurora Sinistra
60.3%
She is the Arithmancy professor at Hogwarts.
Septima Vector
59.5%
She translated the latest edition of Tales of Beedle the Bard from ancient runes to English.
Hermione Granger
56%
She is the future wife of Neville Longbottom.
Hannah Abbott
55.9%
Her name is a bit of an oxymoron, as she is named after a goddess of wisdom and after one of Scotland's worst poets.
Minerva McGonagall
51.3%
She is captain of the Holyhead Harpies.
Gwenog Jones
45.3%
She is known as the 'Singing Sorceress.'
Celestina Warbeck
39.8%
She was brutally murdered by Death Eaters during the beginning of the Second Wizarding War.
Emmeline Vance
35.3%
She is the Ancient Runes professor at Hogwarts.
Bathsheba Babbling
31.3%
Quiz Playlist
Details
Report
Send in Message
Add To Playlist
More Info:
No muggles, since a muggle is obviously not a witch. Warning: contains info outside of the books (but still from JKR).
Classic:
Type in answers that appear in a list
Forced Order:
Answers have to be entered in order
Random Order:
Randomize order of answers
Last Updated: May 8, 2017
Curator Pick in
Harry Potter
Quiz Scoreboard
CHALLENGE
Sign Up to Join the Scoreboard
Show All
Scores
Hide
Comments
May contain spoilers
Recently Published
Find the 'City' Movie
by crazypaving
Movies
60s
5x2 Blitz: Bands
by SL_Kpop136
Music
30s
Colored Red Africa Blitz
by spor1
Geography
30s
More to Explore
Quiz From the Vault
Featured Blog Post
14 Easter Pick-up Lines to Find Eggs With
hide this ad
You Might Also Like...
Tags
Harry Potter Quiz
Character
Witch
Women
Today's Top Quizzes in Literature
Browse Literature
hide this ad
Today's Top Quizzes in Harry Potter
Browse Harry Potter
Top Contributed Quizzes in Literature
1
Sneaky Slytherin Logic Puzzle
2
One Thing in Common: Literature II
3
A Series of Unfortunate Events logic puzzle
4
Harry Potter Clickable Logic Puzzle #4
5
Multi-Category Minefield Blitz: Hunger Games
6
Harry Potter logic puzzle: Forensics Investigation
7
10-to-1 Game Of Thrones
8
10 Layers of Google Translate: Stephen King Books
9
Hunger Games Tributes Logic Puzzle
10
Characters With Most Lines in 'Catching Fire'
Explore More
Trending Topics
Anime
Marvel
NBA
Crossword
Harry Potter
Disney
Kpop
Pokémon
Puzzle
NFL
The Office
Song
Soccer
WWE
Country
hide this ad
More By:
TerraTheTerror
Quiz
Plays
Rating
Category
Featured
Created
Harry Potter: Which Witch is Which
10,346
4.12
Literature
Nov 9, 2011
Harry Potter's Sticky Situation
8,607
3.66
Literature
Nov 13, 2011
Harry Potter Profile: Marauders
6,193
3.24
Literature
Sep 29, 2011
Harry Potter: Character by Boggart
5,336
3.82
Literature
Sep 30, 2011
Harry Potter Wand Woods
4,738
4.42
Literature
Oct 17, 2011
Go to Creator's Profile
Score Distribution
Quiz Creator Spotlight
TerraTheTerror
Follow
Send a Message
Quizzes Created
-
Created Quiz Play Count
-
More By This Creator
Popular Quizzes Today
1
5x2 Blitz: Bands
2
Find the 'City' Movie
3
Colored Red Africa Blitz
4
Find the US States - No Outlines Minefield
5
The Countries of the World
6
Find the US States
7
9x9 Crossword: Cartoon Network
8
US States
More Literature Quizzes
Young Adult Title Character Match
Published
Trending Quizzes
Colored Red Africa Blitz II
Colored Red Europe Blitz I
Christmas Pick: Judaism
Colored Red Africa Blitz III
Colored Red Europe Blitz II
Recently Updated
Champions League XIs: Real Madrid
pecheneg
Largest US Cities 1790-2010
pecheneg
Rides in Walt Disney World
pecheneg
Most Oscar Losses (Acting)
pecheneg
Beyoncé Albums
pecheneg
Leaping Animals
pecheneg
Reality TV Shows (A-Z)
bhenderson79
Rickey Henderson's Hall of Fame Teammates
pecheneg
Champions League XIs: Arsenal
pecheneg
Quick Pick: Celebrities in WWE's Hall of Fame
aduchscher
Trending Topics
Harry Potter
Anime
NBA
Disney
Crossword
Kpop
Marvel
Pokémon
The Office
Puzzle
Song
Soccer
WWE
NFL
Country
Your Account Isn't Verified!
In order to create a playlist on Sporcle, you need to verify the email address you used during registration. Go to your
Sporcle Settings
to finish the process.
Report this User
Report this user for behavior that violates our
Community Guidelines
.
Details:
Send Report
Go to the Sporcle.com Mobile Site →
Comments